000 01037nam a22003137a 4500
003 CHAP
005 20220329140918.0
008 971013s1995 r 00010 d
010 _a59697
011 _a60669
035 _a64831
040 _cCHAP
082 _a972.083
_bM4 1994-95
110 _aMéxico. Presidente,
_d1994-2000 (Zedillo Ponce de León)
_977099
245 _aInforme de gobierno (1o.)
260 _aMéxico, D. F. :
_bPresidencia de la República,
_c1995
300 _av.
500 _aLa biblioteca tiene : v.2 Anexo
590 _aBATCH-UPD
_b10
_c20130110
_lUCH01
_h1808
590 _aBATCH-UPD
_b10
_c20130410
_lUCH01
_h1143
590 _aBATCH-UPD
_b10
_c20130914
_lUCH01
_h1825
590 _aBATCH-UPD
_b10
_c20161124
_lUCH01
_h1710
590 _aCONVERSION
_b10
_c20130109
_lUCH01
_h1332
651 4 _aMéxico
_xPolítica y gobierno.
_976783
700 0 _aZedillo Ponce de León, Ernesto.
_9123853
901 _aBK
942 _cLIBRO
949 _a972.083 M4 1994-95
_bBC
_cC
_d33724000421475
_eC
_fv.2
_h90226
_i64831
_sb
999 _c59697
_d59697